00251 a2200109 4500001000700000020000600007040001100013100002700024240004300051245003800094362000900132174262 a  cMagnum aBrandao, Luzia Machado10aO grilinho brincalhao/livro textolpor10aO grilinho brincalhao/livro texto0 a1899